000 00474nam a2200169 i 4500
001 bg
100 1 _aŻEBROWSKI, Henryk
245 1 0 _aPrzyrządy i uchwyty obróbkowe /
_cHenryk Żebrowski ; Politechnika Wrocławska.
260 _aWrocław :
_bRed. Wydawnictw PW,
_c1972.
650 9 _aUchwyty obróbkowe
655 _aPodręczniki akademickie
040 _cBPK
041 0 _apol
080 _a621.9(075.8)
942 _cKS
008 s pl f |000 0 pol
999 _c35508
_d35508
856 _uhttp://koha.tu.koszalin.pl/cgi-bin/koha/opac-detail.pl?biblionumber=35508
_yKatalog online BPK